000 00306nam a2200133 i 4500
001 bg
100 1 _aPAOLETTI, M.
245 0 _aCivisation francaise contemporaine /
_cM. Paoletti.
260 _aParis,
_c1973.
040 _cBPK
041 _apol
942 _cKS
008 s pl f |000 0 pol
999 _c5324
_d5324
856 _uhttp://koha.tu.koszalin.pl/cgi-bin/koha/opac-detail.pl?biblionumber=5324
_yKatalog online BPK